Peep inside animal homes / (Record no. 49945)
| 000 -LEADER | |
|---|---|
| fixed length control field | 00659nam a2200181 4500 |
| 020 ## - INTERNATIONAL STANDARD BOOK NUMBER | |
| International Standard Book Number | 9781409550181 (hardback) : |
| Terms of availability | £6.99 |
| 020 ## - INTERNATIONAL STANDARD BOOK NUMBER | |
| International Standard Book Number | 1409550184 (hardback) : |
| Terms of availability | £6.99 |
| 040 ## - CATALOGING SOURCE | |
| Original cataloging agency | UK-WkNB |
| Language of cataloging | eng |
| Transcribing agency | UK-WkNB |
| Modifying agency | Uk |
| Description conventions | rda |
| 100 ## - MAIN ENTRY--PERSONAL NAME | |
| Personal name | Milbourne, Anna, |
| Relator term | author. |
| 9 (RLIN) | 42904 |
| 245 10 - TITLE STATEMENT | |
| Title | Peep inside animal homes / |
| Statement of responsibility, etc | Anna Milbourne; Illustrated by Simona Dimitri. |
| 260 ## - PUBLICATION, DISTRIBUTION, ETC. (IMPRINT) | |
| Place of publication, distribution, etc | London : |
| Name of publisher, distributor, etc | Usborne Publishing Ltd : |
| Date of publication, distribution, etc | 2013. |
| 300 ## - PHYSICAL DESCRIPTION | |
| Extent | 1 volume (unpaged) : |
| Other physical details | illustrations ; |
| Dimensions | 20 cm. |
| 490 ## - SERIES STATEMENT | |
| Series statement | Usborne peep inside |
| 500 ## - GENERAL NOTE | |
| General note | Lift-the-flap board book. |
| 700 1# - ADDED ENTRY--PERSONAL NAME | |
| Personal name | Dimitri, Simona. |
| 9 (RLIN) | 87020 |
| 942 ## - ADDED ENTRY ELEMENTS (KOHA) | |
| Source of classification or shelving scheme | |
| Koha item type | Board Book |
| Withdrawn status | Lost status | Source of classification or shelving scheme | Damaged status | Not for loan | Home library | Current library | Date acquired | Total Checkouts | Full call number | Barcode | Date last seen | Date checked out | Price effective from | Koha item type |
|---|---|---|---|---|---|---|---|---|---|---|---|---|---|---|
| Logos International School | Logos International School | 12/10/2025 | 6 | BB MIL | 100119 | 04/24/2026 | 04/22/2026 | 12/10/2025 | Board Book |